Представление документа в формате MARC21

Поле Инд. ПП Название Значение
Тип записи a
Библиографический уровень b
001 Контрольный номер RU/IS/BASE/420115486
005 Дата корректировки 20220201134653.6
008 Кодируемые данные 20130424
084 a Индекс другой классификации/Индекс ББК 65.261(2Рос)-21; 65.261.5(2Рос)
100 1_ a Автор Лисин Н. В.
q Полное имя Лисин Николай Викторович
100 1_ a Автор Рудник Б. Л.
q Полное имя Рудник Борис Львович
245 10 a Заглавие Реформа бюджетного сектора: проблемы, риски и перспективы
b Продолж. заглавия (По материалам XIII Апрельской международной научной конференции "Модернизация экономики и общества", НИУ ВШЭ, Москва, 3 - 5 апреля 2012 г.)
500 a Примечание Аннотация статьи на английском языке: с. 216
504 a Библиография Лит. - Примеч.
520 0_ a Аннотация Рассматриваются вопросы реформирования бюджетного сектора: увеличение числа государственных и муниципальных учреждений и изменение механизмов их бюджетного финансирования. Выделяются основные этапы реформы, рассматриваются современные риски, определяются подходы к преодолению выявленных проблем и направления развития реформы.
650 04 a Основная рубрика государственные финансы
a Основная рубрика финансы
a Основная рубрика экономика
653 0_ a Ключевые слова автономные учреждения
a Ключевые слова бюджетная реформа
a Ключевые слова бюджетное финансирование
a Ключевые слова бюджетные ассигнования
a Ключевые слова бюджетные инструменты
a Ключевые слова бюджетные риски
a Ключевые слова бюджетные учреждения
a Ключевые слова государственная власть
a Ключевые слова государственное задание
a Ключевые слова государственное управление
a Ключевые слова государственные учреждения
a Ключевые слова казенные учреждения
a Ключевые слова муниципальные учреждения
a Ключевые слова некоммерческие организации (НКО)
a Ключевые слова реструктуризация
a Ключевые слова Россия
a Ключевые слова социально значимые услуги
a Ключевые слова управление финансами (финансовый менеджмент)
a Ключевые слова федеральный бюджет
a Ключевые слова финансовая система
a Ключевые слова финансовые нормативы
773 18 t Заглавие источника Вопросы государственного и муниципального управления
d Дата издания источника 2012
g Прочая информация № 2. - С. 60 - 77 : граф., табл., схем.
w Контрольный № источника RU/IS/BASE/396980278
901 t Тип документа b